[Event "FRA-chT2 0405"]
[Site "France"]
[Date "2004.11.07"]
[Round "3.8"]
[White "Thimognier, Dominique"]
[Black "Eustache, Boris"]
[Result "0-1"]
[WhiteElo "2084"]
[BlackElo "2150"]
[PlyCount "138"]
[EventDate "2004.10.10"]
[EventType "team-tourn"]
[EventRounds "11"]
[EventCountry "FRA"]
[SourceTitle "EXT 2006"]
[Source "ChessBase"]
[SourceDate "2005.11.24"]
[SourceVersion "1"]
[SourceVersionDate "2005.11.24"]
[SourceQuality "1"]
[WhiteTeam "Tours"]
[BlackTeam "Paris NAO II"]
[WhiteTeamCountry "FRA"]
[BlackTeamCountry "FRA"]

1. d4 e6 2. Nf3 Nf6 3. e3 b6 4. Bd3 Bb7 5. 0-0 Be4 6. c4 Qc8 7. Nc3 Qb7 8. Nxe4 Nxe4 9. Ne5 Nf6 10. Be2 c6 11. b3 Be7 12. Bb2 0-0 13. Qc2 d6 14. Nd3 d5 15. f4 Ne4 16. Rf3 a5 17. Rh3 a4 18. Rf1 axb3 19. axb3 f5 20. g4 Na6 21. gxf5 exf5 22. Bc3 Bd6 23. Bf3 Qe7 24. Ne5 Rac8 25. Bxe4 fxe4 26. Kh1 Qe6 27. Rg3 Rc7 28. Qe2 b5 29. Ba5 Rb7 30. cxd5 cxd5 31. Rfg1 Bxe5 32. dxe5 Rc8 33. Qg2 g6 34. h4 Rf8 35. h5 Rf5 36. Rh3 Rg7 37. Bd8 g5 38. Bf6 g4 39. Rh2 Rxf6 40. exf6 Qxf6 41. Qc2 h6 42. Qc8+ Kh7 43. Rxg4 Rxg4 44. Qxg4 Qa1+ 45. Kg2 Qc3 46. Qg6+ Kh8 47. Qxh6+ Kg8 48. Qg6+ Kh8 49. Qg3 d4 50. Kh3 Qc8+ 51. Kh4 d3 52. Rg2 Qf8 53. Qg5 Nc5 54. Qe5+ Kh7 55. b4 Qd8+ 56. Qg5 Ne6 57. Qxd8 Nxd8 58. Kg5 Nf7+ 59. Kf5 Nd6+ 60. Ke6 Nc4 61. f5 Nxe3 62. Rd2 Ng4 63. f6 e3 64. f7 e2 65. f8Q e1Q+ 66. Kd7 Ne5+ 67. Kd8 Qxd2 68. Qe7+ Kh6 69. Qf6+ Kxh5 0-1

[Event "FRA-ch68 corr"]
[Site "France"]
[Date "2002.??.??"]
[Round "?"]
[White "Matisson, Jean Marie"]
[Black "Thimognier, Dominique"]
[Result "1/2-1/2"]
[WhiteElo "2268"]
[BlackElo "2401"]
[PlyCount "47"]
[EventDate "2002.06.01"]
[EventType "tourn (corr)"]
[EventRounds "12"]
[EventCountry "FRA"]
[SourceTitle "Corr 2004"]
[Source "ChessBase"]
[SourceDate "2003.04.28"]
[SourceVersion "3"]
[SourceVersionDate "2003.04.28"]
[SourceQuality "1"]

1. d4 Nf6 2. c4 g6 3. Nc3 Bg7 4. e4 d6 5. f4 0-0 6. Nf3 c5 7. d5 e6 8. Be2 exd5 9. cxd5 Bg4 10. 0-0 Nbd7 11. h3 Bxf3 12. Bxf3 Re8 13. g4 h6 14. h4 h5 15. g5 Ng4 16. Bxg4 hxg4 17. Re1 c4 18. Be3 Bxc3 19. bxc3 Rxe4 20. Qxg4 Qe7 21. Bf2 Nc5 22. Qf3 Re8 23. Rxe4 Qxe4 24. Qxe4 1/2-1/2

[Event "FRA-ch68 corr"]
[Site "France"]
[Date "2002.??.??"]
[Round "?"]
[White "Thimognier, Dominique"]
[Black "Le Bled, Pierre"]
[Result "1/2-1/2"]
[WhiteElo "2401"]
[BlackElo "2207"]
[PlyCount "29"]
[EventDate "2002.06.01"]
[EventType "tourn (corr)"]
[EventRounds "12"]
[EventCountry "FRA"]
[SourceTitle "Corr 2004"]
[Source "ChessBase"]
[SourceDate "2003.04.28"]
[SourceVersion "3"]
[SourceVersionDate "2003.04.28"]
[SourceQuality "1"]

1. e4 c5 2. Nf3 d6 3. d3 Nc6 4. g3 g6 5. Bg2 Bg7 6. 0-0 e5 7. c3 Nge7 8. a3 0-0 9. b4 a6 10. Nbd2 h6 11. Re1 Be6 12. Bb2 b5 13. Rb1 Qb6 14. Nb3 a5 15. bxa5 1/2-1/2

[Event "AJEC-ch fin email"]
[Site "France"]
[Date "2001.??.??"]
[Round "?"]
[White "Le Duigou, Jean Guy"]
[Black "Thimognier, Dominique"]
[Result "1-0"]
[WhiteElo "2250"]
[BlackElo "2425"]
[PlyCount "81"]
[EventDate "2001.??.??"]
[EventType "tourn (corr)"]
[EventRounds "15"]
[EventCountry "FRA"]
[SourceTitle "Corr 2004"]
[Source "ChessBase"]
[SourceDate "2003.04.28"]
[SourceVersion "3"]
[SourceVersionDate "2003.04.28"]
[SourceQuality "1"]

1. c4 Nf6 2. Nc3 g6 3. e4 d6 4. d4 Bg7 5. Nf3 0-0 6. Be2 e5 7. 0-0 exd4 8. Nxd4 Re8 9. f3 Nc6 10. Be3 Nh5 11. Qd2 f5 12. Rad1 Nf4 13. Bxf4 Bxd4+ 14. Be3 Bxe3+ 15. Qxe3 fxe4 16. Nxe4 Be6 17. c5 d5 18. Bc4 Bf7 19. Rfe1 Re5 20. Bb5 d4 21. Qe2 Rd5 22. Bxc6 bxc6 23. Qa6 Be8 24. Qa4 Kg7 25. Re2 Qd7 26. Red2 Rd8 27. Qxa7 g5 28. b4 Bg6 29. Qa3 g4 30. Nf2 gxf3 31. Qxf3 Rf8 32. Qb3 Kh8 33. a4 Qg7 34. Qb2 Rg8 35. Nd3 Be4 36. Nf4 Rd7 37. Rxd4 Qe5 38. Qa1 Rd5 39. Rxd5 Qxa1 40. Rxa1 cxd5 41. b5 1-0

[Event "AJEC-ch fin email"]
[Site "France"]
[Date "2001.??.??"]
[Round "?"]
[White "Thimognier, Dominique"]
[Black "Benatar, Eric"]
[Result "1-0"]
[WhiteElo "2425"]
[BlackElo "2360"]
[PlyCount "129"]
[EventDate "2001.??.??"]
[EventType "tourn (corr)"]
[EventRounds "15"]
[EventCountry "FRA"]
[SourceTitle "Corr 2004"]
[Source "ChessBase"]
[SourceDate "2003.04.28"]
[SourceVersion "3"]
[SourceVersionDate "2003.04.28"]
[SourceQuality "1"]

1. Nf3 d6 2. e4 Nf6 3. Nc3 c5 4. g3 Nc6 5. Bg2 g6 6. d3 Bg7 7. 0-0 0-0 8. h3 Rb8 9. a4 b6 10. Be3 Bb7 11. Nh4 e6 12. Qd2 d5 13. Bh6 dxe4 14. Bxg7 Kxg7 15. Nxe4 Nxe4 16. Bxe4 e5 17. Rae1 Re8 18. f4 Qd4+ 19. Rf2 f5 20. Bxf5 exf4 21. gxf4 Qxb2 22. Be4 Qf6 23. Nf3 Re7 24. h4 Nd4 25. Nxd4 cxd4 26. h5 gxh5 27. f5 Rbe8 28. Qf4 Bc6 29. Rh2 Kh8 30. Rxh5 Qg7+ 31. Kf1 Qf7 32. Rh3 Bxe4 33. dxe4 Qc4+ 34. Rd3 Qxc2 35. Rxd4 Rg7 36. Qd2 Qc7 37. Rd6 Qc4+ 38. Re2 Qc5 39. Rg2 Qc4+ 40. Re2 Qxa4 41. Qc3 Kg8 42. f6 Rf8 43. Rd3 Qe8 44. e5 Rg6 45. Rf2 Qb5 46. Ke2 Kf7 47. Kd2 Rg5 48. Re2 Qa4 49. Qc7+ Kg8 50. f7+ Kh8 51. e6 Rc5 52. Qd6 Qc2+ 53. Ke3 Qc1+ 54. Kf2 Rf5+ 55. Rf3 Rxf3+ 56. Kxf3 Qf1+ 57. Kg3 Qg1+ 58. Rg2 Qe3+ 59. Kg4 h5+ 60. Kh4 Qe4+ 61. Kxh5 Qh7+ 62. Kg4 Qg6+ 63. Kh3 Qh5+ 64. Kg3 Qg6+ 65. Kh2 1-0

[Event "AJEC Gr01 email"]
[Site "France"]
[Date "2000.??.??"]
[Round "?"]
[White "Lacoste, Alain"]
[Black "Thimognier, Dominique"]
[Result "0-1"]
[WhiteElo "2171"]
[BlackElo "2406"]
[PlyCount "100"]
[EventDate "2000.03.20"]
[EventType "tourn (corr)"]
[EventRounds "10"]
[EventCountry "FRA"]
[SourceTitle "Corr 2004"]
[Source "ChessBase"]
[SourceDate "2003.04.28"]
[SourceVersion "3"]
[SourceVersionDate "2003.04.28"]
[SourceQuality "1"]

1. d4 Nf6 2. Nf3 g6 3. g3 Bg7 4. Bg2 0-0 5. 0-0 d6 6. c4 Nbd7 7. Nc3 e5 8. e4 exd4 9. Nxd4 Re8 10. h3 a6 11. Re1 Rb8 12. Rb1 Ne5 13. b3 c5 14. Nc2 Nh5 15. g4 Nf6 16. f4 Nexg4 17. hxg4 Nxg4 18. Qd3 f5 19. Re2 b5 20. Bb2 Qh4 21. Bh1 Bb7 22. Nd5 Bxb2 23. Rxb2 Bxd5 24. Qxd5+ Kh8 25. Rb1 bxc4 26. Qxc4 Qg3+ 27. Rg2 Qxf4 28. Qc3+ Re5 29. Rf1 Qg5 30. Qd3 fxe4 31. Qxd6 Rbe8 32. Rf8+ Kg7 33. Rf1 Rd8 34. Qc7+ Kh6 35. Qf7 Rf5 36. Rxf5 gxf5 37. Ne1 Rd1 38. Qf8+ Kh5 39. Qf7+ Qg6 40. Qxg6+ hxg6 41. Re2 Kh4 42. Kf1 Kg3 43. Rg2+ Kf4 44. Rb2 Ne5 45. Rf2+ Ke3 46. Re2+ Kd4 47. Kf2 e3+ 48. Kg3 f4+ 49. Kh4 Kc3 50. Bg2 Rd2 0-1

[Event "AJEC Gr01 email"]
[Site "France"]
[Date "2000.??.??"]
[Round "?"]
[White "Thimognier, Dominique"]
[Black "Harmelle, Dominique"]
[Result "1/2-1/2"]
[WhiteElo "2406"]
[BlackElo "1850"]
[PlyCount "47"]
[EventDate "2000.03.20"]
[EventType "tourn (corr)"]
[EventRounds "10"]
[EventCountry "FRA"]
[SourceTitle "Corr 2004"]
[Source "ChessBase"]
[SourceDate "2003.04.28"]
[SourceVersion "3"]
[SourceVersionDate "2003.04.28"]
[SourceQuality "1"]

1. Nf3 d5 2. g3 Bf5 3. Bg2 Nc6 4. 0-0 e5 5. d3 Nf6 6. Nbd2 Bd6 7. c4 d4 8. a3 a5 9. b3 0-0 10. Ng5 Bg4 11. Nde4 Nxe4 12. Nxe4 Be7 13. f4 exf4 14. Bxf4 Re8 15. Nf2 Bh5 16. Qd2 Bd6 17. e4 Bxf4 18. gxf4 Qh4 19. e5 Bg6 20. Ne4 Bf5 21. Qf2 Qh6 22. Qg3 Re6 23. Qf2 Rg6 24. Ng3 1/2-1/2